000 00972nmm a2200301 a 4500
003 AR-BaBNM
005 20251128203348.0
008 077019s1990 ||||||||||||||000 | spa||
020 _a950-05-0576-2
040 _cAR-BaBNM
100 1 _aAnderson Imbert, Enrique
245 1 0 _aNarraciones completas
_bLa botella de Klein ; Dos mujeres y un Julián ; El tamaño de las brujas ; Evocación de sombras en la ciudad geométrica ; El anillo de Mozart
_n2 ;
260 _aBuenos Aires
_bEdiciones Corregidor
_c1990
300 _a756 p.
500 _aContiene referencias biográficas sobre el autor en p. 745
500 _aReferencias bibliográficas en p. 749
650 4 _aLITERATURA ARGENTINA
650 4 _aANTOLOGIAS
650 4 _aENSAYO
650 4 _aCRITICA LITERARIA
650 4 _aLITERATURA DE FICCION
650 4 _aESCRITORES
650 4 _aLITERATURA CONTEMPORANEA
653 _aNARRATIVA
655 _aLITERATURA
942 _cBK
998 _cMARTIN
999 _c3044
_d3044